000 00831nam a2200241 i 4500
001 16730
003 ES-MaACL
005 20230906151402.0
007 t|
008 001027s1999 sp |||| | spa d
020 _a84-89618-41-0
080 _a821.134.2-31"18"
245 0 4 _aLas vírgenes locas /
_cedición de Rafael Reig ; director de la redacción, Sinesio Delgado ; [autores] Leopoldo Alas Clarín... [et al.].
260 _aMadrid :
_bLengua de Trapo,
_c[1999]
300 _aXIX, 150 p. ;
_c22 cm.
490 1 _aRescatados Lengua de Trapo ;
_v1
700 1 _aReig, Rafael (
_d1963-)
_9149376
700 1 _aDelgado, Sinesio,
_d1859-1928
_943434
700 1 _aAlas, Leopoldo,
_d1852-1901
_9226375
830 0 _aRescatados Lengua de Trapo ;
_v1
_9192386
852 _aES-MaACL
_jL-23843
999 _c16730
_d16730